[Event "22nd ch-EUR Indiv 2022"]
[Site "Terme Catez SLO"]
[Date "2022.03.31"]
[Round "5.30"]
[White "Michalik, Peter"]
[Black "Goroshkov, Maksym"]
[Result "1-0"]
[WhiteTitle "GM"]
[WhiteElo "2585"]
[BlackElo "2111"]
[WhiteFideId "14907526"]
[BlackFideId "14142716"]
[EventDate "2022.03.27"]

1. e4 e5 2. Nf3 Nc6 3. Bb5 a6 4. Ba4 Nf6 5. O-O Be7 6. d3 b5 7. Bb3 O-O 8. Nc3
d6 9. a3 Bg4 10. Be3 Nd4 11. Bxd4 exd4 12. Nd5 Nxd5 13. Bxd5 Rc8 14. Bc6 Bf6 15.
a4 Bd7 16. Bxd7 Qxd7 17. Qd2 Ra8 18. Ra2 c5 19. Rfa1 b4 20. Re1 Rae8 21. Raa1
Re6 22. b3 Rfe8 23. Kf1 Be5 24. Kg1 Rh6 25. g3 Qh3 26. Qe2 Qg4 27. Nd2 Qd7 28.
f4 Bf6 29. Qf3 Bd8 30. Re2 Rhe6 31. Rae1 f6 32. Qh5 Qc6 33. Kf2 Bc7 34. Nc4 g6
35. Qf3 R6e7 36. h4 Qd7 37. Kg2 Kg7 38. h5 d5 39. exd5 Rxe2+ 40. Rxe2 Rxe2+ 41.
Qxe2 Qxd5+ 42. Kf2 Qd7 43. hxg6 hxg6 44. Qe4 g5 45. f5 Bb8 46. Nd2 Qc7 47. Qf3
Qe5 48. Kg2 Kh6 49. Ne4 Kg7 50. Kh3 Bc7 51. Kg4 Bd8 52. Qh1 Qe8 53. Nxc5 Qe2+
54. Qf3 Qh2 55. Qf1 Bb6 56. Ne6+ Kf7 57. Qf3 Qxc2 58. Qb7+ Ke8 59. Kh5 Bd8 60.
Ng7+ Kf8 61. Kg6 Qxb3 62. Ne6+ 1-0

[Event "22nd ch-EUR Indiv 2022"]
[Site "Terme Catez SLO"]
[Date "2022.03.31"]
[Round "5.31"]
[White "Korobov, Anton"]
[Black "Demuth, Adrien"]
[Result "1-0"]
[WhiteTitle "GM"]
[BlackTitle "GM"]
[WhiteElo "2695"]
[BlackElo "2496"]
[WhiteFideId "14105730"]
[BlackFideId "642274"]
[EventDate "2022.03.27"]

1. c4 Nf6 2. Nc3 c5 3. g3 e6 4. Nf3 d5 5. cxd5 exd5 6. d4 Nc6 7. Bg2 Be7 8. O-O
O-O 9. Be3 c4 10. Ne5 Bf5 11. h3 Bb4 12. g4 Bg6 13. Qa4 Bxc3 14. bxc3 Re8 15.
Nxg6 hxg6 16. Rab1 Qd7 17. Rb2 Ne4 18. Qc2 f5 19. gxf5 gxf5 20. Bf4 g5 21. Bh2
Re7 22. f3 Nf6 23. e4 fxe4 24. fxe4 Nxe4 25. Bxe4 Rxe4 26. Qg2 g4 27. Rbf2 Rae8
28. Rf5 R8e6 29. Qf2 Nd8 30. Rg5+ 1-0

[Event "22nd ch-EUR Indiv 2022"]
[Site "Terme Catez SLO"]
[Date "2022.03.31"]
[Round "5.32"]
[White "Firat, Burak"]
[Black "Volokitin, Andrei"]
[Result "0-1"]
[WhiteTitle "GM"]
[BlackTitle "GM"]
[WhiteElo "2487"]
[BlackElo "2687"]
[WhiteFideId "6305881"]
[BlackFideId "14107090"]
[EventDate "2022.03.27"]

1. e4 c5 2. Nf3 d6 3. d4 cxd4 4. Nxd4 Nf6 5. Nc3 a6 6. Be3 e5 7. Nb3 Be7 8. f3
O-O 9. Qd2 b5 10. O-O-O Bd7 11. a3 Nc6 12. Nd5 Nxd5 13. exd5 Na7 14. f4 Bf6 15.
Qf2 Nc8 16. f5 Rb8 17. g4 b4 18. a4 Bxa4 19. h4 e4 20. g5 Be5 21. f6 Bxb3 22.
cxb3 Qa5 23. Kb1 Nb6 24. fxg7 Bxg7 25. h5 Na4 26. Bd4 Nc3+ 27. bxc3 bxc3 28. Bc4
Qa4 29. h6 Rxb3+ 30. Bxb3 Qxb3+ 31. Kc1 Qa3+ 32. Kb1 Rb8+ 0-1

[Event "22nd ch-EUR Indiv 2022"]
[Site "Terme Catez SLO"]
[Date "2022.03.31"]
[Round "5.33"]
[White "Areshchenko, Alexander"]
[Black "Mirzoev, Emil"]
[Result "1-0"]
[WhiteTitle "GM"]
[BlackTitle "GM"]
[WhiteElo "2670"]
[BlackElo "2475"]
[WhiteFideId "14109530"]
[BlackFideId "14108640"]
[EventDate "2022.03.27"]

1. e4 e5 2. Nf3 Nc6 3. Bb5 a6 4. Ba4 Nf6 5. O-O Be7 6. d3 d6 7. c3 O-O 8. Re1 b5
9. Bc2 Bb7 10. Nbd2 Nb8 11. d4 Nbd7 12. b3 Re8 13. Bd3 d5 14. exd5 Nxd5 15. Nxe5
Nxe5 16. dxe5 b4 17. Ne4 bxc3 18. Qh5 g6 19. Qf3 Nb4 20. Bc4 Bd5 21. Bxd5 Nxd5
22. Rd1 c2 23. Rd2 c6 24. Rxc2 f5 25. exf6 Bxf6 26. Bb2 Bxb2 27. Rxb2 Re5 28.
Re2 Rf5 29. Qg4 Qf8 30. Ng3 Rf7 31. Qc4 Rf6 32. Rae1 Qb4 33. Qc1 Raf8 34. Ne4
Re6 35. g3 a5 36. Ng5 Ref6 37. Rc2 Qg4 38. h3 Qf5 39. Ne4 Re6 40. g4 Qe5 41.
Rxc6 Rxc6 42. Qxc6 Nf4 43. Re3 Qa1+ 44. Kh2 Qxa2 45. Qc4+ Kh8 46. Rf3 Qb2 47.
Qc5 Kg8 48. Qd6 g5 49. Nxg5 Qc1 50. Ne6 1-0

[Event "22nd ch-EUR Indiv 2022"]
[Site "Terme Catez SLO"]
[Date "2022.03.31"]
[Round "5.34"]
[White "Wieczorek, Oskar"]
[Black "Grandelius, Nils"]
[Result "1/2-1/2"]
[WhiteTitle "GM"]
[BlackTitle "GM"]
[WhiteElo "2500"]
[BlackElo "2663"]
[WhiteFideId "1133950"]
[BlackFideId "1710400"]
[EventDate "2022.03.27"]

1. e4 c5 2. Nf3 d6 3. d4 cxd4 4. Nxd4 Nf6 5. Nc3 a6 6. Be2 e5 7. Nf3 Be7 8. Bg5
Be6 9. Bxf6 Bxf6 10. O-O Be7 11. Nd5 Nd7 12. Bc4 Rc8 13. Qe2 Nb6 14. Nxb6 Qxb6
15. Bb3 O-O 16. Rfd1 Rc5 17. Rd3 a5 18. Rad1 Bd7 19. a4 Qb4 20. Qe1 Rfc8 21.
Qxb4 axb4 22. Ne1 Ra5 23. Bd5 Bxa4 24. Bxb7 Rxc2 25. Nxc2 Bxc2 26. R3d2 Bxd1 27.
Rxd1 g6 28. g3 f5 29. exf5 gxf5 30. Bc8 e4 31. Rd5 Rxd5 32. Be6+ Kg7 33. Bxd5
Kf6 34. f4 exf3 35. Bxf3 Ke5 36. Kf2 Kd4 37. b3 Bg5 38. Bh5 d5 39. Bf7 Ke4 40.
Bg8 h5 41. h4 Be7 42. Bf7 Bc5+ 43. Ke2 Bd6 44. Kf2 d4 45. Bxh5 Kd3 46. Bg6 Kc3
47. Bxf5 Kxb3 48. g4 Kc3 49. Ke2 Bg3 50. h5 Bf4 51. Bh7 Bh6 52. Bg6 Be3 53. Bh7
b3 54. Bg6 Bg5 55. Bh7 Bf6 56. Bf5 Be7 57. Bg6 Bg5 58. Bf5 Bh6 1/2-1/2

[Event "22nd ch-EUR Indiv 2022"]
[Site "Terme Catez SLO"]
[Date "2022.03.31"]
[Round "5.35"]
[White "Dudin, Gleb"]
[Black "Hovhannisyan, Robert"]
[Result "1/2-1/2"]
[WhiteTitle "IM"]
[BlackTitle "GM"]
[WhiteElo "2477"]
[BlackElo "2643"]
[WhiteFideId "34184934"]
[BlackFideId "13302507"]
[EventDate "2022.03.27"]

1. d4 d5 2. c4 c6 3. Nf3 Nf6 4. Nc3 e6 5. Bg5 h6 6. Bh4 Be7 7. e3 Ne4 8. Bxe7
Nxc3 9. bxc3 Qxe7 10. Be2 O-O 11. O-O dxc4 12. Bxc4 c5 13. Ne5 Nd7 14. Qh5 Nxe5
15. Qxe5 Bd7 16. Rab1 Rab8 17. h3 b5 18. Rfd1 a6 19. Qxc5 Qxc5 20. dxc5 Bc6 21.
Be2 Bd5 22. Rd4 Rbc8 23. c4 bxc4 24. e4 Bc6 25. Bxc4 Ba8 26. Bxa6 Rxc5 27. f3
Ra5 28. Bc4 Ra4 29. Rbd1 Bc6 30. Bb3 Ra5 31. Rc1 Bb5 32. Rc5 Rfa8 33. Kf2 Kf8
34. Ke3 Be8 35. Rxa5 Rxa5 36. Kd2 Ke7 37. Kc3 Rc5+ 38. Kb4 Rb5+ 39. Kc3 Rc5+ 40.
Kd2 h5 41. h4 g5 42. g3 Bd7 43. Rc4 Ra5 44. Kc3 gxh4 45. gxh4 f5 46. a4 fxe4 47.
fxe4 Ra7 48. Kd4 Kf6 49. Rb4 Ra6 50. Bc2 Rd6+ 51. Ke3 Rc6 52. Bd3 Rc3 53. Kd4
Rc1 54. Bb5 Bc8 55. Rc4 Rd1+ 56. Ke3 Rd8 57. a5 Bb7 58. a6 Ba8 59. a7 Rg8 60.
Bc6 Bxc6 61. Rxc6 Rg3+ 62. Kf4 Ra3 63. e5+ Kf7 64. Kg5 Rxa7 65. Rc5 Kg7 66. Rc6
Kf7 67. Rc4 Kg7 68. Rf4 Ra5 69. Re4 Ra7 70. Kxh5 Rf7 71. Rg4+ Kh7 72. Re4 Rf5+
73. Kg4 Kg6 74. Re1 1/2-1/2

[Event "22nd ch-EUR Indiv 2022"]
[Site "Terme Catez SLO"]
[Date "2022.03.31"]
[Round "5.36"]
[White "Holm, Kristian Stuvik"]
[Black "Petrosyan, Manuel"]
[Result "0-1"]
[WhiteTitle "IM"]
[BlackTitle "GM"]
[WhiteElo "2468"]
[BlackElo "2637"]
[WhiteFideId "1508083"]
[BlackFideId "13300857"]
[EventDate "2022.03.27"]

1. d4 d5 2. c4 e6 3. Nf3 Nf6 4. g3 Bb4+ 5. Bd2 Bd6 6. Bg2 c6 7. Qc2 Nbd7 8. O-O
O-O 9. Bg5 h6 10. Bxf6 Nxf6 11. Nbd2 b6 12. e4 Be7 13. e5 Nd7 14. cxd5 cxd5 15.
Rfc1 Nb8 16. Bf1 Bd7 17. a3 a5 18. Qc7 Qxc7 19. Rxc7 Rc8 20. Rxc8+ Bxc8 21. Bb5
Bd7 22. Bxd7 Nxd7 23. Rc1 Kf8 24. Kf1 Ke8 25. Ke2 b5 26. Rc7 Bd8 27. Rc6 Rb8 28.
Nb3 Nb6 29. Nxa5 Nc4 30. Nb3 Nxb2 31. Ra6 Na4 32. Nc5 Nxc5 33. dxc5 Be7 34. c6
Bc5 35. Ra5 Rc8 36. a4 Rxc6 37. axb5 Rc8 38. Ra2 Rb8 39. Rb2 Kd7 40. Kd3 Ra8 41.
Rc2 Ra3+ 42. Ke2 Ba7 43. Ne1 Rb3 44. Ra2 Bb6 45. Nd3 Rxb5 46. Ra8 Bd8 47. h4 g6
48. Ra7+ Bc7 49. Ra4 Ra5 50. Rxa5 Bxa5 51. f4 Kc6 52. Nf2 Bb4 53. Ng4 Bf8 54.
Kd3 Kb5 55. h5 Kc6 56. hxg6 fxg6 57. Nh2 Kd7 58. Nf3 Ke8 59. g4 Kf7 60. Kd4 Ba3
61. f5 Bc1 62. Kc5 gxf5 63. gxf5 Ke7 64. Kc6 Be3 65. Nh4 d4 66. f6+ Kf7 67. Nf5
exf5 68. Kd7 d3 69. e6+ Kxf6 70. e7 d2 0-1

[Event "22nd ch-EUR Indiv 2022"]
[Site "Terme Catez SLO"]
[Date "2022.03.31"]
[Round "5.37"]
[White "Yilmazyerli, Mert"]
[Black "Donchenko, Alexander"]
[Result "0-1"]
[WhiteTitle "IM"]
[BlackTitle "GM"]
[WhiteElo "2466"]
[BlackElo "2636"]
[WhiteFideId "6305962"]
[BlackFideId "24603295"]
[EventDate "2022.03.27"]

1. Nf3 d5 2. g3 Nc6 3. d4 Bf5 4. Bg2 Nb4 5. Na3 e6 6. O-O Be7 7. c3 Nc6 8. Qa4
Nf6 9. Ne5 O-O 10. Nxc6 bxc6 11. Qxc6 Rb8 12. Qa4 Ne4 13. Nc2 c5 14. Ne3 Bg6 15.
f3 Nf6 16. Qxa7 Ra8 17. Qb7 c4 18. Ng4 Nxg4 19. fxg4 Rb8 20. Qa7 Ra8 21. Qb7 Rb8
22. Qa7 Bc2 23. Bf4 Rxb2 24. a4 g5 25. Be5 f6 26. Bc7 Qc8 27. Bb6 Rf7 28. Qc7
Qxc7 29. Bxc7 Rb7 30. Ba5 Rf8 31. Rae1 Kf7 32. e4 dxe4 33. Bxe4 Bxe4 34. Rxe4
Ra8 35. Bb4 Bxb4 36. cxb4 Rxb4 37. Re3 Rbxa4 38. Ref3 Ra1 39. Rxf6+ Ke7 40. Rf3
Kd6 41. Re3 Kd5 42. Re5+ Kxd4 43. Rxe6 c3 44. Rc6 Kd3 45. Rd6+ Kc4 46. Rc6+ Kb3
47. Rb6+ Ka2 48. Rc6 Rxf1+ 49. Kxf1 Kb2 50. Rb6+ Kc1 51. Rb7 c2 52. Ke2 Re8+ 53.
Kf2 Re5 0-1

[Event "22nd ch-EUR Indiv 2022"]
[Site "Terme Catez SLO"]
[Date "2022.03.31"]
[Round "5.38"]
[White "Abasov, Nijat"]
[Black "Markoja, Boris"]
[Result "1-0"]
[WhiteTitle "GM"]
[BlackTitle "IM"]
[WhiteElo "2630"]
[BlackElo "2461"]
[WhiteFideId "13402960"]
[BlackFideId "14608502"]
[EventDate "2022.03.27"]

1. Nf3 Nf6 2. g3 c5 3. Bg2 d5 4. O-O g6 5. c3 Bg7 6. d4 Nbd7 7. Ne5 e6 8. Nd3 b6
9. Bf4 Ba6 10. a4 Qe7 11. Na3 Bxd3 12. Qxd3 a6 13. e4 dxe4 14. Bxe4 Nxe4 15.
Qxe4 O-O 16. Nc4 Rfe8 17. Bd6 Qg5 18. dxc5 Nxc5 19. Qc6 Rec8 20. Qxb6 Ne4 21.
Bf4 Qd5 22. Ne3 Qh5 23. Rad1 Qe2 24. Rde1 Qd3 25. Rd1 Qe2 26. Rd7 e5 27. Nd5
Rcb8 28. Qc7 Rf8 29. Bc1 h5 30. Nb6 Rab8 31. Qc4 Qxc4 32. Nxc4 Nc5 33. Rd5 Rfc8
34. Nxe5 Nxa4 35. Nd3 Nb6 36. Ra5 Ra8 37. Re1 Bf8 38. Be3 Nc4 39. Ra4 Rab8 40.
Bc1 Rb6 41. Kg2 Rd6 42. Re4 Rdc6 43. Nb4 Bxb4 44. Rxb4 Nb6 45. Re5 Nd7 46. Re7
Nc5 47. Be3 Ne6 48. Rbb7 R8c7 49. Rexc7 Nxc7 50. Rb8+ Kg7 51. Rc8 1-0

[Event "22nd ch-EUR Indiv 2022"]
[Site "Terme Catez SLO"]
[Date "2022.03.31"]
[Round "5.39"]
[White "Durarbayli, Vasif"]
[Black "Kaasen, Tor Fredrik"]
[Result "1-0"]
[WhiteTitle "GM"]
[BlackTitle "IM"]
[WhiteElo "2628"]
[BlackElo "2460"]
[WhiteFideId "13402935"]
[BlackFideId "1516647"]
[EventDate "2022.03.27"]

1. e4 c5 2. Nf3 d6 3. d4 cxd4 4. Nxd4 Nf6 5. Nc3 a6 6. Bg5 e6 7. f4 Qb6 8. Qd2
Qxb2 9. Rb1 Qa3 10. Be2 Nbd7 11. O-O Be7 12. f5 Ne5 13. fxe6 fxe6 14. Rb3 Qa5
15. Bh5+ Ng6 16. Bxg6+ hxg6 17. Nf3 Rh5 18. h3 Bd7 19. Be3 b5 20. Qf2 Qc7 21.
Qg3 Kf7 22. Nh4 b4 23. Nxg6 Bd8 24. e5 bxc3 25. exf6 Bxf6 26. Qf3 Rf5 27. Qxa8
Rxf1+ 28. Kxf1 Qc4+ 29. Kg1 Kxg6 30. Qf3 Bc6 31. Qg3+ Kh7 32. Rb6 Bd5 33. Qg4
Qxg4 34. hxg4 Bxa2 35. Rxa6 Bb1 36. Rxd6 Bxc2 37. g5 Be7 38. Rxe6 Ba3 39. Rc6
Bb2 40. Bd4 Be4 41. Rc7 Kg6 42. Rxg7+ Kh5 43. Rc7 Kxg5 44. Bxc3 Ba3 45. Bd2+ Kf5
46. Rc4 Bd5 47. Ra4 Bc5+ 48. Kh2 Bd6+ 49. Kh3 Be6 50. g4+ Kf6 51. Kh4 Bc5 52.
Bc3+ Kg6 53. Bd4 Be7+ 54. Kh3 Bg5 55. Ra6 Kf7 56. Ra7+ Kg6 57. Kg3 Bd2 58. Rg7+
Kh6 59. Re7 1-0

[Event "22nd ch-EUR Indiv 2022"]
[Site "Terme Catez SLO"]
[Date "2022.03.31"]
[Round "5.40"]
[White "Lagarde, Maxime"]
[Black "Barbot, Pierre1"]
[Result "1-0"]
[WhiteTitle "GM"]
[BlackTitle "IM"]
[WhiteElo "2626"]
[BlackElo "2455"]
[WhiteFideId "662399"]
[BlackFideId "663727"]
[EventDate "2022.03.27"]

1. e4 d6 2. d4 Nf6 3. Nc3 e5 4. Nf3 Nbd7 5. Rg1 c6 6. g4 g6 7. g5 Nh5 8. Be3 b5
9. a4 b4 10. Ne2 Bg7 11. Qd2 O-O 12. dxe5 Nxe5 13. Nxe5 Bxe5 14. O-O-O Qa5 15.
b3 Ba6 16. f4 Bg7 17. Ng3 Nxg3 18. hxg3 Rfe8 19. Bg2 Rad8 20. Bf3 c5 21. Rh1 Bb7
22. f5 Bxe4 23. Bxe4 Rxe4 24. f6 Bf8 25. Rxh7 1-0

[Event "22nd ch-EUR Indiv 2022"]
[Site "Terme Catez SLO"]
[Date "2022.03.31"]
[Round "5.41"]
[White "Nguyen, Thai Dai Van"]
[Black "Stella, Andrea"]
[Result "1/2-1/2"]
[WhiteTitle "GM"]
[BlackTitle "GM"]
[WhiteElo "2623"]
[BlackElo "2444"]
[WhiteFideId "358878"]
[BlackFideId "827061"]
[EventDate "2022.03.27"]

1. d4 d5 2. c4 e6 3. Nc3 c6 4. e3 Nf6 5. Nf3 Nbd7 6. Qc2 b6 7. Bd3 Bb7 8. O-O
dxc4 9. Bxc4 a6 10. Rd1 b5 11. Bd3 c5 12. dxc5 Bxc5 13. Ne4 Qb6 14. Bd2 Rc8 15.
Rac1 O-O 16. Qb1 Nxe4 17. Bxe4 Nf6 18. Bxb7 Qxb7 19. Bc3 Ne4 20. Bd4 Bxd4 21.
Nxd4 Rxc1 22. Rxc1 Rc8 23. h3 Nd6 24. b3 h6 25. Rc2 e5 26. Nf3 Rxc2 27. Qxc2 f6
28. Ne1 Qd5 29. Nd3 a5 30. Kh2 b4 31. Nb2 Ne4 32. Nc4 Nc3 33. a3 Kf8 34. axb4
axb4 35. Qf5 Kg8 36. Qc8+ Kh7 37. Qf5+ Kg8 38. Qg4 Kh7 39. h4 Qe4 40. Kg3 Qxg4+
41. Kxg4 Ne4 42. f3 Nc5 43. Na5 g6 44. h5 f5+ 45. Kh3 gxh5 46. Kh4 Kg6 47. Nc6
Nd3 48. e4 1/2-1/2

[Event "22nd ch-EUR Indiv 2022"]
[Site "Terme Catez SLO"]
[Date "2022.03.31"]
[Round "5.42"]
[White "Erdos, Viktor"]
[Black "Tutisani, Noe"]
[Result "1/2-1/2"]
[WhiteTitle "GM"]
[BlackTitle "IM"]
[WhiteElo "2607"]
[BlackElo "2442"]
[WhiteFideId "719978"]
[BlackFideId "13602853"]
[EventDate "2022.03.27"]

1. Nf3 Nf6 2. c4 g6 3. Nc3 Bg7 4. g3 d6 5. d4 O-O 6. Bg2 Nc6 7. d5 Na5 8. b3 c5
9. Bb2 a6 10. O-O Rb8 11. Qc1 b5 12. Nd2 e5 13. dxe6 Bxe6 14. cxb5 axb5 15. Nce4
Nd5 16. Bxg7 Kxg7 17. Qb2+ Kg8 18. Nf3 b4 19. Rfd1 f6 20. Nxc5 dxc5 21. e4 Nc3
22. Rxd8 Rfxd8 23. e5 Rd3 24. exf6 Rbd8 25. h3 Bf5 26. a3 Rd1+ 27. Rxd1 Rxd1+
28. Kh2 Nc6 29. axb4 cxb4 30. Nh4 Nd4 31. Nxf5 gxf5 32. f4 Ne4 33. Qa2 Rd2 34.
Qa8+ 1/2-1/2

[Event "22nd ch-EUR Indiv 2022"]
[Site "Terme Catez SLO"]
[Date "2022.03.31"]
[Round "5.43"]
[White "Cvitan, Ognjen"]
[Black "Bernadskiy, Vitaliy"]
[Result "0-1"]
[WhiteTitle "GM"]
[BlackTitle "GM"]
[WhiteElo "2458"]
[BlackElo "2606"]
[WhiteFideId "14500086"]
[BlackFideId "14100371"]
[EventDate "2022.03.27"]

1. d4 f5 2. g3 Nf6 3. Bg2 g6 4. Nf3 Bg7 5. O-O O-O 6. c4 e6 7. Nc3 d5 8. Ne5 c6
9. Bg5 Nbd7 10. cxd5 exd5 11. Nxd7 Qxd7 12. Bxf6 Bxf6 13. b4 a6 14. e3 Qd6 15.
Qb3 g5 16. a4 Be6 17. b5 f4 18. Rac1 Bg7 19. Qd1 Qd7 20. bxc6 bxc6 21. Re1 Bh3
22. Qh5 Bxg2 23. Kxg2 f3+ 24. Kh1 Rf6 25. Rg1 g4 26. Rge1 Rh6 27. Qg5 Rg6 28.
Qh5 Re8 29. Rb1 Bf6 30. Kg1 Kg7 31. h3 Rf8 32. hxg4 Bg5 33. Rb6 Bd8 34. Rb8 Rh6
35. Qe5+ Kg8 36. Rxd8 Rxd8 37. Qf4 Qg7 38. Qxf3 Rf8 39. Qe2 Rh3 40. Qf1 Rxg3+
41. fxg3 Rxf1+ 42. Rxf1 Qxg4 43. Kg2 Qg6 44. Rc1 Qd3 45. Kf2 c5 46. dxc5 d4 47.
exd4 Qxd4+ 48. Kf3 Qxc5 49. g4 Kg7 50. Ne2 Qa3+ 51. Rc3 Qxa4 52. Rc7+ Kh6 53.
Nf4 a5 54. Kg3 Qe4 55. Rf7 Qe1+ 56. Kh3 a4 57. Rf6+ Kg7 58. g5 Kg8 59. Re6 Qa5
60. Kg4 a3 0-1

[Event "22nd ch-EUR Indiv 2022"]
[Site "Terme Catez SLO"]
[Date "2022.03.31"]
[Round "5.44"]
[White "Basso, Pier Luigi"]
[Black "Sousa, Andre Ventura"]
[Result "1-0"]
[WhiteTitle "GM"]
[BlackTitle "IM"]
[WhiteElo "2600"]
[BlackElo "2429"]
[WhiteFideId "866970"]
[BlackFideId "1917617"]
[EventDate "2022.03.27"]

1. d4 Nf6 2. c4 e6 3. Nf3 Bb4+ 4. Bd2 Qe7 5. g3 Nc6 6. e3 O-O 7. Bg2 Bxd2+ 8.
Qxd2 d6 9. Nc3 e5 10. O-O e4 11. Ne1 Bf5 12. Nc2 Rac8 13. b4 Qd7 14. Rfc1 Rfe8
15. a4 Bh3 16. a5 Nd8 17. d5 Bxg2 18. Kxg2 Re5 19. Ne2 c6 20. dxc6 Nxc6 21. Ncd4
Ne7 22. Qd1 Ng6 23. Nf4 Rg5 24. Nxg6 fxg6 25. Ne2 Rf5 26. h4 h6 27. Ra2 Rf8 28.
Nd4 Rh5 29. Nb5 d5 30. Nc3 Rf5 31. Nxd5 Nxd5 32. cxd5 Rxd5 33. Qe2 Kh8 34. Rc5
Rxc5 35. bxc5 Qf5 36. a6 bxa6 37. c6 a5 38. Qd1 g5 39. hxg5 hxg5 40. c7 Qc8 41.
Rc2 a4 42. Qd5 g4 43. Rc1 g6 44. Qe5+ Kg8 45. Rh1 a3 46. Rh8+ Kf7 47. Rh7+ 1-0

[Event "22nd ch-EUR Indiv 2022"]
[Site "Terme Catez SLO"]
[Date "2022.03.31"]
[Round "5.45"]
[White "Davtyan, Artur"]
[Black "Moroni, Luca Jr"]
[Result "0-1"]
[WhiteTitle "IM"]
[BlackTitle "GM"]
[WhiteElo "2460"]
[BlackElo "2588"]
[WhiteFideId "13308327"]
[BlackFideId "865834"]
[EventDate "2022.03.27"]

1. d4 Nf6 2. c4 e6 3. Nf3 b6 4. g3 Bb7 5. Bg2 Be7 6. O-O O-O 7. Re1 Na6 8. h4
Qc8 9. Nc3 d5 10. cxd5 exd5 11. Bg5 Qe6 12. Qa4 c5 13. Bxf6 Bxf6 14. Ng5 Qd6 15.
e3 Nb4 16. a3 Nd3 17. Qc2 c4 18. Re2 Bc6 19. e4 Bxd4 20. exd5 Bd7 21. Nce4 Qc7
22. Rd1 Be5 23. d6 Qc8 24. Rxd3 cxd3 25. Qxd3 Bf5 26. Qd5 h6 27. Nxf7 Rxf7 28.
Qxe5 Qc1+ 29. Kh2 Raf8 30. f4 Kh8 31. Nc3 Bg4 32. Rf2 Rf6 33. Qe7 R6f7 34. Qe5
Rf6 35. Qd4 Bf5 36. Nb5 a6 37. Nc3 Rd8 38. Qe5 Rdf8 39. Bd5 Rd8 40. Bf3 Rdf8 41.
Bd5 Rd8 42. Bb3 Rff8 43. Qd4 Qe1 44. Kg2 Rf6 45. Qe5 Bh3+ 46. Kxh3 Qxf2 47. d7
Qf1+ 48. Kh2 Qd3 49. Bd5 Qf5 50. Ne4 Rxd7 51. Qxf5 Rxf5 52. Be6 Rfd5 53. Kh3 Rd4
54. Bxd7 Rxd7 55. Kg4 Rd3 56. Nc3 Rd2 57. Na4 b5 58. Nc5 Rxb2 59. Nxa6 Rc2 0-1

[Event "22nd ch-EUR Indiv 2022"]
[Site "Terme Catez SLO"]
[Date "2022.03.31"]
[Round "5.46"]
[White "Maksimovic, Bojan"]
[Black "Kantor, Gergely"]
[Result "0-1"]
[WhiteTitle "IM"]
[BlackTitle "GM"]
[WhiteElo "2455"]
[BlackElo "2587"]
[WhiteFideId "14408120"]
[BlackFideId "751499"]
[EventDate "2022.03.27"]

1. e4 e5 2. Nf3 Nc6 3. Bb5 a6 4. Ba4 Nf6 5. O-O Be7 6. Re1 b5 7. Bb3 O-O 8. h3
Bb7 9. d3 d6 10. Bd2 Qd7 11. a3 Nd8 12. Nc3 Ne6 13. Ba2 c5 14. Nd5 Nxd5 15. Bxd5
Bxd5 16. exd5 Nc7 17. c4 bxc4 18. dxc4 a5 19. b3 f5 20. Bc3 Bf6 21. Qc2 Rfb8 22.
Nd2 Ne8 23. Kh1 Bg5 24. Nf3 Bh6 25. Bxe5 dxe5 26. Nxe5 Qd6 27. Qxf5 Nf6 28. Qd3
Rf8 29. Nf3 Nh5 30. Rad1 Nf4 31. Qe4 Rab8 32. Qe5 Qg6 33. Rg1 Rbe8 34. Qc7 Nxh3 0-1

[Event "22nd ch-EUR Indiv 2022"]
[Site "Terme Catez SLO"]
[Date "2022.03.31"]
[Round "5.47"]
[White "Wagner, Dennis"]
[Black "Murphy, Conor E"]
[Result "1/2-1/2"]
[WhiteTitle "GM"]
[BlackTitle "IM"]
[WhiteElo "2584"]
[BlackElo "2427"]
[WhiteFideId "24650684"]
[BlackFideId "421669"]
[EventDate "2022.03.27"]

1. d4 d5 2. c4 e6 3. Nf3 Nf6 4. g3 dxc4 5. Bg2 c6 6. O-O b5 7. a4 Bb7 8. Ne5 a6
9. b3 cxb3 10. Qxb3 Qxd4 11. Bb2 Qb4 12. Qc2 Qc5 13. Qd3 Qb6 14. Nd2 Be7 15.
axb5 axb5 16. Rxa8 Bxa8 17. Ne4 Nd5 18. Nxf7 Kxf7 19. Qf3+ Bf6 20. Qh5+ Ke7 21.
Nxf6 Nxf6 22. Qg5 Kf7 23. Bxf6 gxf6 24. Qh5+ Ke7 25. Qh6 Rf8 26. Rd1 Qc7 27.
Qxh7+ Rf7 28. Qh8 Bb7 29. Bf3 Qc8 30. Qh6 Nd7 31. Bh5 Ne5 32. Qd2 Nc4 33. Qh6
Ne5 34. Qd2 Qc7 35. Bxf7 Nxf7 36. Qb4+ c5 37. Qxb5 Nd6 38. Qb1 Be4 39. Qa1 c4
40. Qa3 Bd5 41. f3 Qb6+ 42. Kf1 f5 43. Ra1 Qd4 44. Qa7+ Qxa7 45. Rxa7+ Kf6 46.
Ke1 Nb5 47. Ra5 Nd4 48. Rc5 Nb3 49. Rc7 Kg5 50. h4+ Kh5 51. Kf2 Nd2 52. Ke3 Nb1
53. Kf4 Nc3 54. g4+ fxg4 55. fxg4+ Kg6 56. g5 Kh5 57. Rh7+ Kg6 58. Rc7 Kh5 59.
e3 Ne4 60. Ke5 Kg6 61. Rc8 Ng3 62. Rg8+ Kf7 63. Rc8 Kg6 64. Rc7 Ne4 65. Rc8 Ng3 1/2-1/2

[Event "22nd ch-EUR Indiv 2022"]
[Site "Terme Catez SLO"]
[Date "2022.03.31"]
[Round "5.48"]
[White "Kosakowski, Jakub"]
[Black "Asadli, Vugar"]
[Result "0-1"]
[WhiteTitle "IM"]
[BlackTitle "GM"]
[WhiteElo "2452"]
[BlackElo "2579"]
[WhiteFideId "1185080"]
[BlackFideId "13405764"]
[EventDate "2022.03.27"]

1. e4 c5 2. Nf3 e6 3. b3 b6 4. Bb2 Bb7 5. Nc3 Nc6 6. Qe2 Nge7 7. O-O-O Ng6 8. h4
f6 9. h5 Nge5 10. Nh4 Nd4 11. Qe3 Nec6 12. Nd5 Bd6 13. c3 O-O 14. cxd4 cxd4 15.
Qh3 exd5 16. Nf5 Ne7 17. h6 g6 18. Nxd6 Qc7+ 19. Kb1 Qxd6 20. exd5 Bxd5 21. Qg4
Nc6 22. Bb5 Be6 23. Qh4 g5 24. Qe4 Bd5 25. Qd3 Rae8 26. f3 Bf7 27. Bxc6 dxc6 28.
Qxd4 Qxd4 29. Bxd4 Re2 30. Rhg1 Bd5 31. Be3 Re8 32. Rde1 Rxe1+ 33. Rxe1 Kf7 34.
Rh1 Kg6 35. Rh3 Rf8 36. Kb2 f5 37. f4 g4 38. Rh2 Be4 39. Kc1 Rd8 40. Kb2 Rd3 41.
g3 a5 42. Re2 Kxh6 43. Bf2 Kg6 44. Be1 h5 45. Re3 Rxe3 46. dxe3 Kf7 47. Kc1 Ke6
48. Bc3 h4 49. gxh4 g3 50. Be1 g2 51. Bf2 b5 52. a3 b4 53. axb4 axb4 54. Kd2 Kf7
55. Kc1 Kg6 56. Kd2 Kh5 57. Kc1 Kg4 58. Kd2 Bd5 59. Kc2 Bf7 0-1

[Event "22nd ch-EUR Indiv 2022"]
[Site "Terme Catez SLO"]
[Date "2022.03.31"]
[Round "5.49"]
[White "Papp, Gabor1"]
[Black "Ben Ari, Yannay"]
[Result "1-0"]
[WhiteTitle "GM"]
[BlackTitle "FM"]
[WhiteElo "2574"]
[BlackElo "2417"]
[WhiteFideId "718602"]
[BlackFideId "2815222"]
[EventDate "2022.03.27"]

1. Nf3 Nf6 2. g3 g6 3. Bg2 Bg7 4. c4 c6 5. O-O O-O 6. d4 d5 7. Qb3 a5 8. cxd5 a4
9. Qd1 cxd5 10. Nc3 Qa5 11. Bd2 Qa6 12. b3 a3 13. Ne5 e6 14. Na4 Nfd7 15. Bb4
Re8 16. f4 b5 17. Nc5 Nxc5 18. Bxc5 Nd7 19. Nxd7 Bxd7 20. b4 Qb7 21. Rc1 Rec8
22. Qd3 Ra4 23. e3 Bf8 24. Qd2 Bg7 25. Rc3 Qa6 26. Rfc1 Qb7 27. Bf3 Bf6 28. Kg2
Raa8 29. Qd3 Kg7 30. Rb3 Ra6 31. Rcc3 Rca8 32. Kg1 Kg8 33. Qc2 Bd8 34. Qc1 Bf6
35. Bd1 Kg7 36. Rxa3 h5 37. Rxa6 Qxa6 38. a3 Qb7 39. Bd6 Qb6 40. Bc7 Qa6 41. Be5
Qb6 42. Rc7 Be8 43. Rc8 Qa6 44. Rxa8 Qxa8 45. Kf2 Qa6 46. Be2 Qa8 47. h4 Bc6 48.
Qc5 Qb7 49. Bd3 Be8 50. Ke2 Bc6 51. Kd2 Qa8 52. Qc3 Be8 53. Kc1 Bxe5 54. fxe5
Qd8 55. Qe1 g5 56. Qf2 f6 57. Qxf6+ Qxf6 58. exf6+ Kxf6 59. Kb2 gxh4 60. gxh4 e5
61. a4 exd4 62. exd4 bxa4 63. b5 Ke6 64. Ka3 Kd6 65. Kxa4 Kc7 66. Ka5 1-0